[Event "Uppsala GM 2019"]
[Site "Uppsala"]
[Date "2019.10.30"]
[Round "9.3"]
[White "Kenneskog, Theodor"]
[Black "Mirzoev, Emil"]
[Result "1/2-1/2"]
[WhiteElo "2278"]
[BlackElo "2455"]
[Annotator "ChessBase"]
[PlyCount "61"]
[EventDate "2019.10.25"]
[EventType "tourn"]
[EventCountry "SWE"]
[SourceTitle "playchess.com"]
[Source "ChessBase"]
[SourceQuality "1"]
[TimeControl "5400+30"]

1. d4 {[%emt 0:00:00]} d5 {[%emt 0:11:42]} 2. c4 {[%emt 0:00:00]} c6 {[%emt 0:00:03]} 3. cxd5 {[%emt 0:00:00]} cxd5 {[%emt 0:00:02]} 4. Nf3 {[%emt 0:00:00]} Nc6 {[%emt 0:00:07]} 5. Nc3 {[%emt 0:00:00]} Nf6 {[%emt 0:00:03]} 6. Bf4 {[%emt 0:00:00]} a6 {[%emt 0:00:04]} 7. e3 {[%emt 0:00:04]} Bg4 {[%emt 0:00:06]} 8. Be2 {[%emt 0:01:05]} e6 {[%emt 0:00:10]} 9. O-O {[%emt 0:00:15]} Bxf3 {[%emt 0:00:03]} 10. Bxf3 {[%emt 0:00:05]} Bd6 {[%emt 0:00:05]} 11. Bxd6 {[%emt 0:00:30]} Qxd6 {[%emt 0:00:02]} 12. Rc1 {[%emt 0:00:18]} O-O {[%emt 0:00:06]} 13. Na4 {[%emt 0:00:13]} Nd7 {[%emt 0:00:06]} 14. Nc5 {[%emt 0:00:38]} Nxc5 {[%emt 0:00:05]} 15. Rxc5 {[%emt 0:00:03]} b6 {[%emt 0:00:11]} 16. Rc3 {[%emt 0:00:27]} Ne7 {[%emt 0:00:04]} 17. Qc2 {[%emt 0:00:35]} Rfc8 {[%emt 0:00:07]} 18. Rc1 {[%emt 0:00:07]} Qd7 {[%emt 0:00:28]} 19. h3 {[%emt 0:01:02]} Rxc3 {[%emt 0:00:08]} 20. Qxc3 {[%emt 0:00:03]} Rc8 {[%emt 0:00:05]} 21. Qd2 {[%emt 0:00:03]} Rxc1+ {[%emt 0:00:04]} 22. Qxc1 {[%emt 0:00:03]} Qc8 {[%emt 0:00:05]} 23. Qxc8+ {[%emt 0:00:08]} Nxc8 {[%emt 0:00:01]} 24. Be2 {[%emt 0:00:33]} a5 {[%emt 0:00:13]} 25. Kf1 {[%emt 0:00:33]} Kf8 {[%emt 0:00:04]} 26. Ke1 {[%emt 0:00:03]} Ke7 {[%emt 0:00:05]} 27. Kd2 {[%emt 0:00:04]} Nd6 {[%emt 0:00:05]} 28. Bd3 {[%emt 0:00:04]} f5 {[%emt 0:00:03]} 29. f3 {[%emt 0:00:05]} h6 {[%emt 0:00:04]} 30. g3 {[%emt 0:00:04]} g5 {[%emt 0:00:05]} 31. Be2 {[%emt 0:00:07]} 1/2-1/2

[Event "Uppsala GM 2019"]
[Site "Uppsala"]
[Date "2019.10.30"]
[Round "9.4"]
[White "Peng, Li Min"]
[Black "Naumkin, Igor"]
[Result "1-0"]
[WhiteElo "2454"]
[BlackElo "2385"]
[Annotator "ChessBase"]
[PlyCount "51"]
[EventDate "2019.10.25"]
[EventType "tourn"]
[EventCountry "SWE"]
[SourceTitle "playchess.com"]
[Source "ChessBase"]
[SourceQuality "1"]
[TimeControl "5400+30"]

1. e4 {[%emt 0:07:26]} e5 {[%emt 0:04:12]} 2. f4 {[%emt 0:00:06]} exf4 {[%emt 0:00:34]} 3. Bc4 {[%emt 0:00:05]} Nf6 {[%emt 0:00:39]} 4. Nc3 {[%emt 0:00:08]} c6 {[%emt 0:00:48]} 5. Qf3 {[%emt 0:00:06]} d6 {[%emt 0:00:36]} 6. d4 {[%emt 0:00:21]} Be7 {[%emt 0:00:14]} 7. Nge2 {[%emt 0:02:50]} O-O {[%emt 0:01:16]} 8. Bxf4 {[%emt 0:00:19]} Be6 {[%emt 0:01:00]} 9. Bd3 {[%emt 0:05:05]} Nbd7 {[%emt 0:01:58]} 10. h3 {[%emt 0:02:01]} Nb6 {[%emt 0:00:39]} 11. b3 {[%emt 0:00:12]} a5 {[%emt 0:01:08]} 12. a4 {[%emt 0:00:07]} Re8 {[%emt 0:00:26]} 13. O-O {[%emt 0:00:22]} h6 {[%emt 0:01:04]} 14. Rad1 {[%emt 0:00:12]} d5 {[%emt 0:01:49]} 15. e5 {[%emt 0:00:14]} Nh7 {[%emt 0:00:25]} 16. Bxh6 {[%emt 0:04:59]} gxh6 {[%emt 0:02:46]} 17. Nf4 {[%emt 0:00:04]} Ng5 {[%emt 0:01:33]} 18. Qh5 {[%emt 0:00:04]} Bf8 {[%emt 0:01:45]} 19. h4 {[%emt 0:00:05]} Qe7 {[%emt 0:02:13]} 20. Nxe6 {[%emt 0:10:48]} Nxe6 {[%emt 0:02:19]} 21. Rf6 {[%emt 0:00:03]} Bg7 {[%emt 0:01:24]} 22. Rdf1 {[%emt 0:00:17]} Nd8 {[%emt 0:01:05]} 23. Qf5 {[%emt 0:01:09]} Nd7 {[%emt 0:00:37]} 24. Qh7+ {[%emt 0:00:06]} Kf8 {[%emt 0:00:12]} 25. Rg6 {[%emt 0:00:02]} Ne6 {[%emt 0:00:19]} 26. Rxg7 {[%emt 0:00:04]} 1-0

[Event "Uppsala GM 2019"]
[Site "Uppsala"]
[Date "2019.10.30"]
[Round "9.5"]
[White "Wahlund, Max"]
[Black "Rydstrom, Tom"]
[Result "0-1"]
[WhiteElo "2176"]
[BlackElo "2322"]
[Annotator "NA"]
[PlyCount "54"]
[EventDate "2019.10.25"]
[EventType "tourn"]
[EventCountry "SWE"]
[SourceTitle "playchess.com"]
[Source "ChessBase"]
[SourceQuality "1"]
[TimeControl "5400+30"]

1. d4 {[%emt 0:00:00]} d6 {[%emt 0:00:00]} 2. Bf4 {[%emt 0:00:00]} g6 {[%emt 0:00:00]} 3. Nc3 {[%emt 0:00:24]} Bg7 {[%emt 0:00:04]} 4. e4 {[%emt 0:00:20]} Nf6 {[%emt 0:00:50]} 5. Qd2 {[%emt 0:00:15]} a6 {[%emt 0:00:23]} 6. Bh6 {[%emt 0:00:48]} O-O {[%emt 0:02:35]} 7. h4 {[%emt 0:00:41]} e5 {[%emt 0:03:00]} 8. d5 {[%emt 0:08:55]} Bxh6 {[%emt 0:07:29]} 9. Qxh6 {[%emt 0:00:02]} b5 {[%emt 0:03:32]} 10. f3 {[%emt 0:02:00]} b4 {[%emt 0:01:18]} 11. Nce2 {[%emt 1:22:05]} c6 {[%emt 0:00:21]} 12. dxc6 {[%emt 0:07:59]} Nxc6 {[%emt 0:00:08]} 13. Nh3 {[%emt 0:00:06]} Bxh3 {[%emt 0:03:12]} 14. Rxh3 {[%emt 0:00:50]} d5 {[%emt 0:00:00]} 15. Rd1 {[%emt 0:04:38]} Qe7 {[%emt 0:20:52]} 16. Ng3 {[%emt 0:05:31]} Nd4 {[%emt 0:05:52]} 17. Bd3 {[%emt 0:05:16]} dxe4 {[%emt 0:00:44]} 18. Nxe4 {[%emt 0:01:25]} Nxe4 {[%emt 0:03:24]} 19. Bxe4 {[%emt 0:01:07]} Rad8 {[%emt 0:07:51]} 20. h5 {[%emt 0:07:46]} f5 {[%emt 0:05:23]} 21. Bd3 {[%emt 0:52:05]} g5 {[%emt 0:00:41]} 22. Qxa6 {[%emt 0:08:14]} Kh8 {[%emt 0:00:03]} 23. c3 {[%emt 0:03:07]} bxc3 {[%emt 0:00:21]} 24. bxc3 {[%emt 0:00:01]} e4 {[%emt 0:16:19]} 25. fxe4 {[%emt 0:01:33]} fxe4 {[%emt 0:00:32]} 26. Re3 {[%emt 0:03:06]} Qf7 {[%emt 0:01:22]} 27. Be2 {[%emt 0:03:58]} Nc2# {[%emt 0:00:11]} 0-1